000 00959nam a22002777a 4500
003 DO-SdBNP
005 20240403135501.0
008 180226b 2008 sp 00| 0 spa d
020 _a9788430606771
040 _aBPMSU
_bspa
_cBPMSU
082 4 _a921
_bC934L 2008
_222
100 1 _aCritchley, Simon
245 1 0 _aEl libro de los filósofos muertos /
_cSimon Critchley ; traducción de Alejandro Pradera.
260 _aMadrid :
_bTaurus ;
_bSantillana Ediciones Generales,
_c2008.
300 _a362 p. ;
_c24 cm.
490 0 _aPensamiento
500 _3Incluye referencias bibliográficas y notas al pie de las páginas
504 _aBibliografía: p. 347-362
534 _pTítulo original :
_tThe book of dead philosophers.
590 _aInventariado, 2024/VM
650 4 _aFilósofos
_vBiografías.
650 4 _aFilosofía contemporánea
700 1 _a Pradera, Alejandro,
_etr.
910 _aVMateo V. control de calidad. BPMSU
942 0 _2ddc
_cBK
999 _c13340
_d13340